Degrees of unsolvability
Saved in:
| Main Author: | |
|---|---|
| Format: | Book |
| Language: | English |
| Published: |
Princeton :
Princeton University Press,
1966
|
| Series: | Annals of mathematics studies ;
; 55 |
| Subjects: | |
| Tags: |
Add Tag
No Tags, Be the first to tag this record!
|
MARC
| LEADER | 00000nam a2200000 i 4500 | ||
|---|---|---|---|
| 001 | 1/36412 | ||
| 008 | 980526s1966 eng d | ||
| 035 | |a 1993 |l 10040235 | ||
| 040 | |a GR-MY-UA |b gre |e aacr | ||
| 041 | 0 | |a eng | |
| 082 | 0 | |a 511.35 | |
| 100 | 1 | |a Sacks, Gerald E. | |
| 245 | 1 | 0 | |a Degrees of unsolvability / |c Gerald E. Sacks |
| 260 | |a Princeton : |b Princeton University Press, |c 1966 | ||
| 300 | |a ix, 175 p.; |c 24 cm. | ||
| 490 | 1 | |a Annals of mathematics studies |v ; 55 | |
| 500 | |a Includes bibliography | ||
| 650 | 0 | 0 | |a Recursive functions. |
| 650 | 0 | 0 | |a Unsolvability (Mathematical logic) |
| 830 | 0 | |a Annals of mathematics studies ; |v ; 55 | |
| 852 | |a INST |b SAMOS |e 19980526 |h 511.35 SAC |p 005300002873 |q 005300002873 |t BK |y 0 | ||
| 909 | |a Σ |b 029669 | ||